| 000 | 01135nam a22002777a 4500 | ||
|---|---|---|---|
| 003 | EG-ScBUE | ||
| 005 | 20221023092850.0 | ||
| 008 | 090811s1999 ua a f b 000 0 ara d | ||
| 017 | _a99 / 14043 | ||
| 020 | _a977016878X | ||
| 040 |
_aEG-ScBUE _bara _erda _cEG-ScBUE _dEG-ScBUE |
||
| 041 | 1 |
_aara _heng |
|
| 082 | 0 | 4 |
_a750.1 _bد ا ف _222 |
| 100 | 1 |
_929692 _aدافنشي، ليوناردو، _d1452-1519، _eمؤلف. |
|
| 245 | 1 | 0 |
_aنظرية التصوير / _cتأليف ليوناردو دافنشي ؛ ترجمة د. عادل السيوي. |
| 264 | 1 |
_aالقاهرة : _bالهيئة المصرية العامة للكتاب، _c1999. |
|
| 300 |
_a536 صفحة : _bإيضاحيات ؛ _c20 سم. |
||
| 490 | 0 |
_aمكتبة الأسرة. _aالأعمال الفكرية |
|
| 504 | _aيشتمل على إرجاعات ببليوجرافية. | ||
| 546 | _aالنص باللغة العربية وتم ترجمته من اللغة الإنجليزية. | ||
| 650 | 7 |
_98419 _aالرسم بالألوان. _2BUEsh |
|
| 650 | 7 |
_98420 _aرسم الأشخاص. _2BUEsh |
|
| 653 | _bGGEN | ||
| 655 | _vReading book | ||
| 942 |
_2ddc _cBB |
||
| 999 |
_c12563 _d12563 |
||